Rabindra Bharati University
WEBOPAC (ONLINE PUBLIC ACCESS CATALOGUE)

The Elephant and the Dragon: (Record no. 118540)

000 -LEADER
fixed length control field 00577nam a22001937a 4500
005 - DATE & TIME
control field 20220712110508.0
008 - FIXED-LENGTH DATA ELEMENTS--GENERAL INFORMATION
fixed length control field 200304b xxu||||| |||| 00| 0 eng d
020 ## - ISBN
International Standard Book Number 978 81 309 0895 3
Price Rs.395.00
040 ## - CATALOGING SOURCE
Original cataloging agency RBU-Library
041 ## - Language
Language English
082 ## - DDC NUMBER
Classification number 330.954
Book Number M552
100 ## - MAIN ENTRY--PERSONAL NAME
Personal name Meredith, Robyn
245 ## - TITLE STATEMENT
Title The Elephant and the Dragon:
Sub Title the rise of India and China and what it means for all of us
260 ## - PUBLICATION, DISTRIBUTION, ETC. (IMPRINT)
Place of publication, distribution, etc New Delhi:
Name of publisher, distributor, etc Viva Books,
Date of publication, distribution, etc 2008
300 ## - PHYSICAL DESCRIPTION
Pages 252p.
650 ## - Subject
Subject India - Economic condition
650 ## - Subject
Subject China - Economic condition
942 ## - ADDED ENTRY ELEMENTS (KOHA)
Koha item type Departmental Books
Holdings
Price effective from Location (home branch) Koha date last seen Not for loan Date acquired Source of classification or shelving scheme Koha item type Barcode (Accession No.) Damaged status Lost status Withdrawn status Sublocation or collection (holding branch) Koha full call number
2020-03-04Department of Sociology2020-03-04 2020-03-04 Departmental BooksD225   Department of Sociology330.954 M552

Customized by - AVIOR TECHNOLOGIES PVT. LTD. , Website : www.aviortechnologies.com , Email : mail@aviortechnologies.com